| 000 | 00652nam a2200193 a 4500 | ||
|---|---|---|---|
| 001 | 000017333 | ||
| 005 | 20240530073918.0 | ||
| 008 | 100322s1944 dr 000 f spa d | ||
| 040 |
_aDO-SdBNP _bspa _cBNPHU |
||
| 082 |
_aRD863.42 _bM738c |
||
| 100 | 1 |
_aMonclús, Miguel Angel, _d1883-1967 _929460 |
|
| 245 | 1 | 0 |
_aCachón una que vino y volvió : _bnovela dominicana / _cMiguel Angel Monclús. |
| 260 |
_aCiudad Trujillo, República Dominicana : _bImprenta La Opinión, _c1944. |
||
| 300 |
_a163 p. ; _c22 cm. |
||
| 650 | 0 |
_aNovela dominicana _9223 |
|
| 650 | 0 |
_aLiteratura dominicana. _967 |
|
| 910 | _aValidado. Control de calidad EMS | ||
| 049 | _aBNPD | ||
| 999 |
_c16858 _d16858 |
||